<?xml version="1.0" encoding="UTF-8"?>
<collection xmlns="http://www.loc.gov/MARC21/slim">
 <record>
  <leader>04371pamaa2200229   4500</leader>
  <controlfield tag="001">0000043807</controlfield>
  <controlfield tag="005">20121212090000.0</controlfield>
  <controlfield tag="008">080618                             eng  </controlfield>
  <datafield tag="020" ind1="0" ind2="0">
   <subfield code="a">0805859713 (pbk.) </subfield>
  </datafield>
  <datafield tag="090" ind1="0" ind2="0">
   <subfield code="a">LB1051 </subfield>
   <subfield code="b">HAN 2006</subfield>
  </datafield>
  <datafield tag="245" ind1="1" ind2="0">
   <subfield code="a">Handbook of educational psychology  </subfield>
   <subfield code="c">edited by Patricia Alexander, Philip Winne.</subfield>
  </datafield>
  <datafield tag="250" ind1="0" ind2="0">
   <subfield code="a">2nd ed.</subfield>
  </datafield>
  <datafield tag="260" ind1="0" ind2="0">
   <subfield code="a">Mahwah, N.J.: </subfield>
   <subfield code="b">Erlbaum, </subfield>
   <subfield code="c">2006.</subfield>
  </datafield>
  <datafield tag="300" ind1=" " ind2=" ">
   <subfield code="a">xx, 1055 p.: </subfield>
   <subfield code="b">ill.; </subfield>
   <subfield code="c">29 cm.</subfield>
  </datafield>
  <datafield tag="500" ind1="0" ind2="0">
   <subfield code="a">1st ed. edited by: David C. Berliner and RobertC. Calfee</subfield>
  </datafield>
  <datafield tag="501" ind1="0" ind2="0">
   <subfield code="a">SAH</subfield>
  </datafield>
  <datafield tag="504" ind1="0" ind2="0">
   <subfield code="a">Includes bibliographical references and index</subfield>
  </datafield>
  <datafield tag="505" ind1="0" ind2="0">
   <subfield code="a">Educational psychology: searching for essence throughout a century of influence / David C. Berliner -- Educational psychology in the 21st century / Robert Calfee -- Conceptual confusion and educational psychology / Eric Bredo -- Academic pathways from preschool through elementary school  / Scott G. Paris, Fred J. Morrison, and Kevin F. Miller -- Development during early and middle adolescence / Allan Wigfield, James P. Byrnes, and Jacquelynne S. Eccles -- Adult development, schooling, and the transition to work / M Cecil Smith, Thomas G. Reio, Jr -- Individual differences in cognitive function / Phillip L. Ackerman, David F. Lohman -- Models of personality and affect for education: a review and synthesis / Gerald Matthews, Moshe Zeidner, and Richard D. Roberts -- Cognitive profiling of children with genetic disorders and the search for a scientific basis of differentiated education / Douglas Fuchs -- Learning theories and education: toward a decade of synergy / John Bransford ... [et al.] -- Knowledge: structures and processes / Gregory Schraw -- Cognitive strategies instruction: from basic research to classroom instruction / Michael Pressley, Karen R. Harris -- Problem solving / Richard E. Mayer, Merlin C. Wittrock -- Changing knowledge and beliefs / P. Karen Murphy, Lucia Mason -- Classrooms as contexts for motivating learning  / Nancy E. Perry, Julianne C. Turner, and Debra K. Meyer -- Competence and control beliefs: distinguishing the means and nds / Dale H. Schunk, Barry J. Zimmerman -- Goals, values, and affects: influences on student motivation / Eric M. Anderman, Christopher A. Wolters -- Self and identity processes in school motivation, learning, and achievement / Robert W. Roeser, Stephen C. Peck, and Nailah Suad Nasir -- Teaching and learning in reading / Donna Alvermann, Michele Simpson, and Jill Fitzgerald -- Writing / Steve Graham -- Mathematics teaching and learning / Alan H. Schoenfeld -- Science education: integrating views of learning and instruction / Marcia C. Linn, Bat-Sheva Eylon -- Learning and eaching social studies: a review of cognitive research in history and geography / Bruce VanSledright, Margarita Limon -- Second language learning: issues in research and teaching  / Amado M. Padilla -- Social cultural perspectives in educational psychology / Jack Martin -- Ethnicity, learning / Lynn Okagaki -- Assessing gender gaps in learning and academic achievement / Diane F. Halpern -- Sense of belonging, social bonds, and school functioning / Jaana Juvonen -- Cultural conceptions of learning and development / Patricia M. Greenfield ... [et al.] -- Education for the knowledge age: design-centered models of teaching and instruction / Carl Bereiter, Marlene Scardamalia -- Teacher knowledge and beliefs / Anita Woolfolk Hoy, Heather Davis, and Stephen J. Pape -- The design of powerful learning environments / Ton de Jong, Jules Pieters -- Observational  research on generic aspects of classroom teaching / Jere Brophy -- The role of peers and group learning / Angela M. O'Donnell -- Teaching and learning in technology-rich environments / Susanne P. Lajoie, Roger Azevedo -- Methodological issues in educational psychology / John C. Nesbit, Allyson F. Hadwin -- Research questions and research designs / Harris Cooper -- The art of statistics: a survey of modern techniques / Daniel B. Wright -- Frames of inquiry in educational psychology: beyond the quantitative-qualitative divide / Deborah L. Butler -- Developments in assessment of student learning / Kadriye Ercikan -- Assessment of teacher learning and development / Carol Kehr Titt</subfield>
  </datafield>
  <datafield tag="650" ind1="0" ind2="0">
   <subfield code="a">Educational psychology -- </subfield>
   <subfield code="x">Handbooks, manuals, etc </subfield>
  </datafield>
  <datafield tag="700" ind1="1" ind2="1">
   <subfield code="a">Alexander, </subfield>
   <subfield code="h">Patricia A. </subfield>
  </datafield>
  <datafield tag="700" ind1="1" ind2="1">
   <subfield code="a">Winne, </subfield>
   <subfield code="h">Philip H. </subfield>
  </datafield>
  <datafield tag="901" ind1=" " ind2=" ">
   <subfield code="u">www.erlbaum.com</subfield>
  </datafield>
 </record>
</collection>
